La escuela infantil de 0 a 6 años

Enregistré dans:
Détails bibliographiques
Auteur principal: Aceña Palomar, José María (Auteur)
Format: Livre
Langue:espagnol
Publié: Madrid Anaya 1988
Collection:Colección Textos Universitarios
Sujets:
Tags: Ajouter un tag
Pas de tags, Soyez le premier à ajouter un tag!

MARC

LEADER 00000nam a2200000 a 4500
001 UCW3762
003 CL-VaPUC
008 890112e19880000SP |||||||||||||||||spa|d
082 0 4 |a 372.21  |b ACE  |2 21 
100 0 |a Aceña Palomar, José María  |e author  |9 308142 
245 1 3 |a La escuela infantil de 0 a 6 años 
300 |a 527 p 
942 |c BK 
945 |d 19890112 00:00:00 
260 |a Madrid  |b Anaya  |c 1988 
650 0 |a Educación preescolar  |9 260381 
583 |a last modification  |c 19890112 00:00:00  |k Rodrigo Vera 
490 0 |a Colección Textos Universitarios 
999 |c 217661  |d 217659 
952 |0 0  |1 0  |4 0  |6 372_210000000000000_ACE_1988  |7 0  |8 P  |9 205659  |a BIBEDU  |b BIBEDU  |c BIBEDU_PB  |d 2019-11-15  |i 2736322  |o 372.21 ACE 1988  |p 2736322  |r 2024-01-25  |w 2019-11-15  |y BK  |k EDU